Standards of protection (Record no. 74981)

MARC details
000 -LEADER
fixed length control field 01245cab a2200253 4500
001 - CONTROL NUMBER
control field ABS68798
008 - FIXED-LENGTH DATA ELEMENTS--GENERAL INFORMATION
fixed length control field 050324n2005 000 0 eng u
035 ## - SYSTEM CONTROL NUMBER
System control number (Sirsi) u129181
100 ## - MAIN ENTRY--PERSONAL NAME
Personal name Hird, C.
245 ## - TITLE STATEMENT
Title Standards of protection
260 ## - PUBLICATION, DISTRIBUTION, ETC.
Date of publication, distribution, etc. 2005
490 ## - SERIES STATEMENT
Series statement Fire Engineers' Journal
Volume/sequential designation 65(254) March 2005, 33-34(2)
520 ## - SUMMARY, ETC.
Summary, etc. Describes how the new system of building standards in Scotland will contribute to improved life safety using automatic suppression in residential buildings. The Building (Scotland) Regulations 2004 are due to be implemented on 1 May 2005. The Building (Scotland) Act 2003 promoted a more efficient approach to compliance with European directives and was more flexible in its approach to alternative fire safety design strategies, without a formal relaxation of the technical standards. Looks at existing and proposed legislation.
590 ## - LOCAL NOTE (RLIN)
Local note ABS
650 ## - SUBJECT ADDED ENTRY--TOPICAL TERM
Topical term or geographic name entry element BUILDING (SCOTLAND) REGULATIONS 2004
650 ## - SUBJECT ADDED ENTRY--TOPICAL TERM
Topical term or geographic name entry element BUILDING (SCOTLAND) ACT 2003
650 ## - SUBJECT ADDED ENTRY--TOPICAL TERM
Topical term or geographic name entry element MANAGEMENT-HEALTH AND SAFETY-FIRE SAFETY
650 ## - SUBJECT ADDED ENTRY--TOPICAL TERM
Topical term or geographic name entry element SPRINKLER SYSTEMS
650 ## - SUBJECT ADDED ENTRY--TOPICAL TERM
Topical term or geographic name entry element RESIDENTIAL BUILDINGS
650 ## - SUBJECT ADDED ENTRY--TOPICAL TERM
Topical term or geographic name entry element BS DD 251: 2000
650 ## - SUBJECT ADDED ENTRY--TOPICAL TERM
Topical term or geographic name entry element BS DD 252: 2002
690 ## - LOCAL SUBJECT ADDED ENTRY--TOPICAL TERM (OCLC, RLIN)
Topical term or geographic name as entry element BUILT ENVIRONMENT-BUILDING STANDARDS
942 ## - ADDED ENTRY ELEMENTS (KOHA)
Suppress in OPAC 0
Holdings
Withdrawn status Lost status Source of classification or shelving scheme Damaged status Not for loan Home library Current library Shelving location Date acquired Total Checkouts Full call number Barcode Date last seen Copy number Price effective from Koha item type
    Dewey Decimal Classification     London London Journal article 24/03/2005   ABS68798 129181-1001 06/08/2019 1 06/08/2019 Journal article